| 000 | 00501cam a2200205 4500 | ||
|---|---|---|---|
| 001 | D14715 | ||
| 008 | 090401t1969 xxu||||| |||| 00| 0 eng d | ||
| 035 | _a(Sirsi) u17489 | ||
| 041 | _aeng | ||
| 050 | _a720.9 | ||
| 100 | _aGloag, John | ||
| 245 | _aGuide to western architecture. | ||
| 250 | _a2nd ed. | ||
| 260 |
_aLondon _bSpring Books _c1969 |
||
| 300 | _axviii,407p. : ill. ; 25cm | ||
| 650 | _aARCHITECTURAL HISTORY | ||
| 690 | _aBUILT ENVIRONMENT | ||
| 942 | _n0 | ||
| 948 | _c04/03/1997 | ||
| 999 |
_c87518 _d87518 |
||